Gospodarka turystyczna ocena funkcjonowania mechanizmów reform w gospodarcze turystycznej

Salvato in:
Dettagli Bibliografici
Natura: Libro
Lingua:polacco
Pubblicazione: Wroclaw Akademia Ekon. im. Oskara Langego 1986
Serie:Prace naukowe nr. 364
Tags: Aggiungi Tag
Nessun Tag, puoi essere il primo ad aggiungerne!!

MARC

LEADER 00000nam a2200000 4500
001 c111309
005 20150409123837.7
041 0 |a pol 
044 |a PL 
245 1 0 |a Gospodarka turystyczna  |b ocena funkcjonowania mechanizmów reform w gospodarcze turystycznej 
264 1 |a Wroclaw  |b Akademia Ekon. im. Oskara Langego  |c 1986 
300 |a 103 s. 
490 1 |a Prace naukowe  |v nr. 364 
830 0 |a Prace naukowe  |v nr. 364